00681nam a22001937a 450000500170000001000150001702000260003203500140005803700130007208200130008510000190009824500870011726000520020427000330025630000210028994200270031099900190033795201310035620240301155947.0 aENG-139528 c508.00a9789386235008 aEN-123060 bDBAD/PUB a617.6001 aPal G K962732 aTextbook Of Practicl Physiology/cEdited by G K PalbFor Dental Student hEnglish  aHimayatnagar bOrient Blackswan Private Limited bHyderabad a3-6-752 e500029 a314p.c28cm(pbk) 2ddccENh617.6001mPAL c201200d201200 001040708NFICaBNbBNd2024-03-01eDBADg508.00l0o617.6001 PALpEN-123060r2024-03-01 00:00:00t1v508.00w2024-03-01yEN